La Viña de Naboth : (Registro nro. 15388)

Detalles MARC
000 -LIDER
fixed length control field 03045nam a2200409 a 4500
001 - NÚMERO DE CONTROL
Identificador de número de control 000022377
003 - IDENTIFICACDOR DE NÚMERO DE CONTROL
control field DO-SdBPM
005 - DATE AND TIME OF LATEST TRANSACTION
control field 20250912113554.0
007 - CAMPOS FIJOS DE DESCRIPCIÓN FÍSICA
fixed length control field ta
008 - ELEMENTOS DE LONGITUD FIJA
fixed length control field 101006s2006 dr c 000 0 spa d
020 ## - ISBN
International Standard Book Number 9945855832
040 ## - FUENTE DE CATALOGACIÓN
Agencia que crea de manera original el registro DO-SdBPM
Idioma de catalogación spa
Agencia que realiza la transcripción BPMSU
Convenciones de la despripción rda
082 #4 - NÚMERO DE CLASIFICACIÓN DECIMAL DE DEWEY
Classification number 972.9305
Item number W449v, 2006
Edition number 22
100 1# - ASIENTO PRINCIPAL -- NOMBRE PERSONAL
Nombre personal Welles, Benjamin Sumner,
Fechas asociadas con el nombre 1892-1961
Mención de responsabilidad autor
240 10 - TITULO UNIFORME
Título uniforme Naboths Vineyard: the Dominican Republic 1844-1924
Idioma de una obra
245 13 - MENCIÓN DE TITULO
Título La Viña de Naboth :
Subtítulo La República Dominicana 1844-1924 /
Mención de responsabilidad Sumner Welles, traducción, Manfredo A. Moore ; corrección, ampliación y actualización de la traducción de Ramón Cedano Melo.
250 ## - MENCIÓN DE EDICION
Mención de edición 3a. ed.
260 ## - PUBLICACIÓN, DISTRIBUCIÓN, ETC. (PIE DE IMPRENTA)
Lugar de publicación, distribución, etc Santo Domingo :
Nombre del editor, distribuidor, etc. Banreservas:
-- Sociedad Dominicana de Bibliófilos,
Fecha de publicación, distribución, etc 2006.
300 ## - DESCRIPCIÓN FÍSICA
Extensión 2 volumenes. :
Otros detalles físicos retrato ;
Dimensiones 23 cm.
336 ## - CONTENT TYPE
Content type term texto
Content type code txt
Source rdacontent
337 ## - MEDIA TYPE
Media type term sin mediación
Media type code n
Source rdamedia
338 ## - CARRIER TYPE
Carrier type term volumen
Carrier type code nc
Source rdacarrier
490 0# - MENCIÓN DE SERIES
Mención de serie Bibliófilos 2000
500 ## - NOTA GENERAL
Nota general Incluye índice de nombres.
504 ## - NOTA DE BIBLIOGRAFÍA, ETC.
Bibliography, etc Incluye referencias bibliográficas y notas al pie de las páginas.
505 0# - NOTA DE CONTENIDO
Texto normalizado de contenido v.1: Presentación, por Daniel Toribio 13 -- Introducción, por Mariano Mella 15 -- Prólogo, por Octavio Amiama de Castro 17 -- Prólogo, por Dr. L. S. Rowe 29 -- Introducción 31 -- Capítulo I. Los primeros años de Independencia 71 --Capítulo II. Santana y Báez 127 -- Capítulo III. La Ocupación Española 183 -- Capítulo IV. Repercusiones de la insurrección 241 -- Capítulo V. Negociaciones para la anexión a los Estados Unidos 285 -- Capítulo VI. de Báez a Heureaux 321 -- Capítulo VII. La Dictadura de Ulises Heureaux 345 -- Índice de Nombres 383 -- Tomo II. Presentación, por Daniel Toribio 13 -- Introducción, por Mariano Mella 15 -- Capítulo VIII. Dictadura de Ulises Heureaux (continuación) 17 -- Capítulo IX. La Reacción liberal 49 -- Capítulo X. Corolario de Roosevelt a la Doctrina Monroe 89 -- Capítulo XI. Triunfo del gobierno constitucional y retorno a la anarquía 115 -- Capítulo XII. Sombras de intervención sobre Santo Domingo 157 -- Capítulo XIII. Intervención militar de los Estados Unidos 189 -- Capítulo XIV. Gobierno militar de los Estados Unidos en la República Dominicana 227 -- Capítulo XV. Aurora de una nueva era 253 -- Capítulo XVI. Conclusiones 297 -- Apéndices 321 -- Apéndice I 323 -- Apéndice II 379 -- Bibliografía -- Índice de nombres 383.
534 ## - NOTA SOBRE LA VERSIÓN ORIGINAL
Frase introductoria Título original :
Mención del título original Naboths Vineyard: the Dominican Republic 1844-1924
590 ## - NOTA LOCAL
Texto de la nota local Inventariado, 2025/VM
651 #7 - ENCABEZAMIENTO DE MATERIA--NOMBRE GEOGRÁFICO
Nombre geográfico República Dominicana
Subdivisión temática general Historia
Subdivisión cronológica Ocupación norteamericana, 1916-1924
651 #7 - ENCABEZAMIENTO DE MATERIA--NOMBRE GEOGRÁFICO
Nombre geográfico República Dominicana
Subdivisión temática general Relaciones exteriores
Subdivisión geográfica Estados Unidos
651 #4 - ENCABEZAMIENTO DE MATERIA--NOMBRE GEOGRÁFICO
Nombre geográfico Estados Unidos
Subdivisión temática general Relaciones exteriores
Subdivisión geográfica República Dominicana
651 z# - ENCABEZAMIENTO DE MATERIA--NOMBRE GEOGRÁFICO
Nombre geográfico Dominican Republic --
Subdivisión temática general History --
Subdivisión cronológica american occupation, 1916-1924
700 1# - ASIENTO SECUNDARIO -- NOMBRE PERSONAL
Nombre personal Moore, Manfredo A.,
Mención de responsabilidad traductor
700 1# - ASIENTO SECUNDARIO -- NOMBRE PERSONAL
Nombre personal Cedano Melo, Ramón,
Mención de responsabilidad traductor
910 ## - VALIDACIÓN
Validación VMateo V. Control de calidad BPMSU
942 ## - ADDED ENTRY ELEMENTS (KOHA)
Source of classification or shelving scheme Dewey Decimal Classification
Koha item type Libros
Existencias
Withdrawn status Lost status Source of classification or shelving scheme Damaged status Not for loan Home library Current library Date acquired Total Checkouts Full call number Barcode Date last seen Copy number Price effective from Koha item type
    Dewey Decimal Classification     Biblioteca Pública Metropolitana Salomé Ureña Biblioteca Pública Metropolitana Salomé Ureña 09/12/2025   BPMSU CD 972.9305 W449v, 2006 BPMSU25090048 09/12/2025 v.2 09/12/2025 Libros